[Event "Faaborg 100 aar GM 2025"]
[Site "Faaborg"]
[Date "2025.10.13"]
[Round "1.1"]
[White "Hagner, Bennet"]
[Black "Hacker, Jonas"]
[Result "1-0"]
[WhiteElo "2445"]
[BlackElo "2342"]
[WhiteFideId "16224477"]
[BlackFideId "1270968"]
[EventDate "2025.10.13"]
[EventType "tourn"]
[EventRounds "9"]
[EventCountry "DEN"]
[SourceTitle "Live v. Faaborg Skakklub"]

1. e4 c5 2. Nf3 e6 3. c3 Nf6 4. Bd3 d5 5. e5 Nfd7 6. Bc2 c4 7. O-O Nc6 8. Re1 g5 9. b3 cxb3 10. axb3 g4 11. Nd4 Nxd4 12. cxd4 h5 13. Nc3 Nb8 14. Bd3 Bd7 15. Bb2 Nc6 16. Kh1 Nb4 17. Qe2 Qb6 18. Na4 Bxa4 19. Rxa4 Rc8 20. f4 a6 21. Bb1 Kd7 22. f5 Nc6 23. Bc2 Nb4 24. Bb1 Nc6 25. Bc2 Qb5 26. Qf2 Nxd4 27. fxe6+ fxe6 28. Bxd4 Bb4 29. Bd3 Qxd3 30. Rxb4 Rcf8 31. Qe3 Rf1+ 32. Rxf1 Qxf1+ 33. Qg1 Qd3 34. Rxb7+ Kc8 35. Rf7 Qxd2 36. Qf1 1-0

[Event "Faaborg 100 aar GM 2025"]
[Site "Faaborg"]
[Date "2025.10.13"]
[Round "1.2"]
[White "Jalving, August"]
[Black "Gloeckler, Christian"]
[Result "0-1"]
[WhiteElo "2298"]
[BlackElo "2451"]
[WhiteFideId "1471759"]
[BlackFideId "34608966"]
[EventDate "2025.10.13"]
[EventType "tourn"]
[EventRounds "9"]
[EventCountry "DEN"]
[SourceTitle "Live v. Faaborg Skakklub"]

1. e4 c5 2. Nf3 d6 3. d4 cxd4 4. Nxd4 Nf6 5. Nc3 a6 6. Be2 e5 7. Nb3 Be6 8. O-O Be7 9. f4 O-O 10. Kh1 Bd7 11. Be3 Bc6 12. Bf3 Nbd7 13. Qe1 b5 14. Rd1 a5 15. Nd5 Nxd5 16. exd5 Bb7 17. fxe5 Nxe5 18. Be4 Bh4 19. Qe2 b4 20. g3 Bf6 21. Qf2 Re8 22. Bb6 Qe7 23. Rfe1 a4 24. Nd4 h5 25. Nc6 Nxc6 26. dxc6 Qxe4+ 27. Rxe4 Bxc6 28. Kg1 Bxe4 29. Bd4 Bxd4 30. Qxd4 Rac8 31. Qxb4 Rxc2 32. Rd2 Rc1+ 33. Kf2 Rh1 34. Qb5 Rxh2+ 35. Kg1 Rh1+ 36. Kf2 Re5 37. Qb8+ Kh7 38. Qxd6 Re6 39. Qd8 Bc6 40. Rd6 Rh2+ 41. Kf1 Rh1+ 42. Kf2 Rh2+ 43. Kf1 Re8 44. Qa5 Be4 45. Qxa4 Re5 46. Rd4 Bf5 47. Rh4 Bd3+ 48. Kg1 Rxb2 49. Rxh5+ Rxh5 50. Qd4 Rb1+ 51. Kg2 Bg6 52. a4 Re1 0-1

[Event "Faaborg 100 aar GM 2025"]
[Site "Faaborg"]
[Date "2025.10.13"]
[Round "1.3"]
[White "Liu, Casper Yukun"]
[Black "Thavandiran, Shiyam"]
[Result "0-1"]
[WhiteElo "2361"]
[BlackElo "2402"]
[WhiteFideId "1454153"]
[BlackFideId "2605058"]
[EventDate "2025.10.13"]
[EventType "tourn"]
[EventRounds "9"]
[EventCountry "DEN"]
[SourceTitle "Live v. Faaborg Skakklub"]

1. e4 c5 2. Nf3 e6 3. d4 cxd4 4. Nxd4 a6 5. c4 Nf6 6. Nc3 Qc7 7. Bd3 Nc6 8. Nxc6 dxc6 9. O-O h5 10. h3 Bc5 11. Qf3 Ng4 12. Bf4 e5 13. Bg5 f6 14. Bd2 Be6 15. hxg4 hxg4 16. Qg3 O-O-O 17. Rfd1 Qf7 18. Be3 Rxd3 19. Rxd3 Qh5 20. Kf1 Bxe3 21. Qxe3 Qh1+ 22. Ke2 Qxa1 23. Na4 Rh1 24. Qd2 Qf1+ 25. Ke3 Qe1+ 26. Qxe1 Rxe1+ 27. Kd2 Ra1 28. Nb6+ Kc7 29. c5 Rxa2 30. Na8+ Kc8 31. Nb6+ Kc7 32. Na8+ Kc8 33. Nb6+ Kb8 34. Kc2 Kc7 35. Na8+ Kc8 36. Rd6 Ra5 37. b4 Rb5 38. Nb6+ Kc7 39. Rxe6 Rxb6 40. Kc3 Kd7 41. Rd6+ Ke7 42. Rd2 Rb5 43. Ra2 Kd7 44. Kc4 Kc7 45. Ra1 Kb8 46. Ra3 Ka7 47. Rg3 a5 48. bxa5 Rxa5 49. Rxg4 g5 50. g3 Ra4+ 51. Kd3 Ra3+ 52. Kd2 Ra5 53. f4 exf4 54. gxf4 Rxc5 55. Kd3 b5 56. fxg5 Rxg5 57. Rf4 Rg6 58. Kd4 Kb6 59. Rf1 c5+ 60. Kd5 Rg5+ 61. Kd6 Rg6 62. Kd5 Rg5+ 63. Kd6 c4 64. Rxf6 c3 65. e5 b4 66. e6 c2 67. e7 c1=Q 68. Kd7+ Kb7 69. e8=Q Qc7+ 0-1

[Event "Faaborg 100 aar GM 2025"]
[Site "Faaborg"]
[Date "2025.10.13"]
[Round "1.4"]
[White "Hector, Jonny"]
[Black "Pajeken, Jakob Leon"]
[Result "0-1"]
[WhiteElo "2431"]
[BlackElo "2454"]
[WhiteFideId "1700090"]
[BlackFideId "12942839"]
[EventDate "2025.10.13"]
[EventType "tourn"]
[EventRounds "9"]
[EventCountry "DEN"]
[SourceTitle "Live v. Faaborg Skakklub"]

1. e4 c5 2. Nf3 d6 3. d4 cxd4 4. Nxd4 Nf6 5. Nc3 a6 6. Bg5 e6 7. f4 h6 8. Bh4 Nbd7 9. Qe2 e5 10. O-O-O exd4 11. e5 dxe5 12. fxe5 Be7 13. Rxd4 O-O 14. exf6 Bxf6 15. Bxf6 Qxf6 16. Qe3 Qe5 17. Nd5 Qxe3+ 18. Nxe3 Nf6 19. Nc4 Be6 20. Nb6 Rad8 21. Rxd8 Rxd8 22. Be2 Rd6 23. Na4 Bd5 24. Rd1 Rc6 25. Bf3 Bxf3 26. Rd8+ Kh7 27. gxf3 Rc7 28. Nb6 Kg6 29. a4 Kf5 30. Rd4 g5 31. c3 h5 32. Kd2 g4 33. Ke3 Re7+ 34. Kf2 gxf3 35. Kxf3 Ng4 36. Nd5 Nxh2+ 37. Kg3 Re2 38. Rh4 Nf1+ 39. Kf3 Rxb2 40. Rxh5+ Ke6 41. Nf4+ Kd6 42. Rh6+ Kd7 43. Rf6 Nd2+ 44. Kg4 Ke8 45. Nd3 Rb1 46. Rf4 Ke7 47. Rd4 Rb6 48. Nf4 Rd6 49. Nd5+ Ke6 50. c4 f5+ 51. Kf4 Ne4 52. Nc7+ Kd7 53. Nd5 Nc3 54. Kxf5 Kc6 55. Ke5 Kc5 56. a5 Rd8 57. Rd3 Re8+ 58. Kf5 Kxc4 59. Rxc3+ Kxd5 60. Rc7 Rf8+ 61. Kg4 Rb8 62. Kf3 Kd6 63. Rh7 Kc5 64. Ke3 Kb4 65. Rh5 Re8+ 66. Kd4 Rd8+ 67. Ke4 Rd7 68. Ke5 Rc7 69. Kd6 Rc6+ 70. Kd7 Rc5 0-1

[Event "Faaborg 100 aar GM 2025"]
[Site "Faaborg"]
[Date "2025.10.13"]
[Round "1.5"]
[White "Rasmussen, Allan Stig"]
[Black "Chatalbashev, Boris"]
[Result "0-1"]
[WhiteElo "2501"]
[BlackElo "2506"]
[WhiteFideId "1406000"]
[BlackFideId "2900440"]
[EventDate "2025.10.13"]
[EventType "tourn"]
[EventRounds "9"]
[EventCountry "DEN"]
[SourceTitle "Live v. Faaborg Skakklub"]

1. e4 g6 2. d4 Bg7 3. Nc3 d6 4. Be3 a6 5. h4 h5 6. Nh3 Nf6 7. f3 Bxh3 8. Rxh3 Nbd7 9. Qe2 b5 10. O-O-O b4 11. Nb1 Qc8 12. Nd2 c5 13. Nc4 d5 14. exd5 Nxd5 15. dxc5 Nxe3 16. Qxe3 Qxc5 17. Qe4 Ra7 18. Nd6+ Kf8 19. Nxf7 Kxf7 20. Bc4+ Kf8 21. Be6 Bh6+ 22. Kb1 Kg7 23. Rg3 Ne5 24. Re1 Rf8 25. Bf5 Rf6 26. f4 Kh7 27. fxe5 gxf5 28. Qf3 Rc7 0-1

[Event "Faaborg 100 aar GM 2025"]
[Site "Faaborg"]
[Date "2025.10.14"]
[Round "2.1"]
[White "Hector, Jonny"]
[Black "Rasmussen, Allan Stig"]
[Result "0-1"]
[WhiteElo "2431"]
[BlackElo "2501"]
[WhiteFideId "1700090"]
[BlackFideId "1406000"]
[EventDate "2025.10.13"]
[EventType "tourn"]
[EventRounds "9"]
[EventCountry "DEN"]
[SourceTitle "Live v. Faaborg Skakklub"]

1. e4 c6 2. d4 d5 3. f3 e6 4. Be3 Nd7 5. Nd2 Qb6 6. a4 a5 7. Bd3 Ngf6 8. Nh3 e5 9. O-O exd4 10. Bf2 Be7 11. Qe2 dxe4 12. Nxe4 O-O 13. Rae1 Nd5 14. Nd2 N7f6 15. Nc4 Qd8 16. Bxd4 Bxh3 17. gxh3 Nf4 18. Qe5 Nxd3 19. cxd3 Bb4 20. Rd1 Re8 21. Qf4 Nh5 22. Qg4 f5 23. Qxh5 Qxd4+ 24. Kh1 b5 25. axb5 cxb5 26. Na3 Re2 27. Qxf5 Qd6 0-1

[Event "Faaborg 100 aar GM 2025"]
[Site "Faaborg"]
[Date "2025.10.14"]
[Round "2.2"]
[White "Chatalbashev, Boris"]
[Black "Liu, Casper Yukun"]
[Result "1-0"]
[WhiteElo "2506"]
[BlackElo "2361"]
[WhiteFideId "2900440"]
[BlackFideId "1454153"]
[EventDate "2025.10.13"]
[EventType "tourn"]
[EventRounds "9"]
[EventCountry "DEN"]
[SourceTitle "Live v. Faaborg Skakklub"]

1. c4 Nf6 2. Nf3 e6 3. g3 d5 4. Bg2 d4 5. O-O c5 6. e3 Nc6 7. exd4 cxd4 8. d3 Nd7 9. Bd2 Be7 10. Na3 e5 11. Nc2 a5 12. a3 Nc5 13. b4 Nxd3 14. b5 Nb8 15. Qe2 Bf5 16. Nxe5 Nc5 17. Qf3 Be6 18. Rad1 Bf6 19. Nxd4 Qxd4 20. Bc3 Qe4 21. Qxe4 Nxe4 22. Bxe4 Bc8 23. Bd5 O-O 24. Rfe1 Nd7 25. Nxd7 Bxc3 26. Nxf8 Bxe1 27. Nxh7 1-0

[Event "Faaborg 100 aar GM 2025"]
[Site "Faaborg"]
[Date "2025.10.14"]
[Round "2.3"]
[White "Thavandiran, Shiyam"]
[Black "Hagner, Bennet"]
[Result "1-0"]
[WhiteElo "2402"]
[BlackElo "2445"]
[WhiteFideId "2605058"]
[BlackFideId "16224477"]
[EventDate "2025.10.13"]
[EventType "tourn"]
[EventRounds "9"]
[EventCountry "DEN"]
[SourceTitle "Live v. Faaborg Skakklub"]

1. e4 c5 2. Nf3 d6 3. d4 cxd4 4. Nxd4 Nf6 5. Nc3 Nc6 6. Bg5 Bd7 7. Be2 a6 8. Bxf6 gxf6 9. Nf5 Qa5 10. Qd5 Qxd5 11. Nxd5 O-O-O 12. Nb6+ Kc7 13. Nxd7 Rxd7 14. Ne3 e6 15. f4 Bg7 16. O-O-O b5 17. Rhf1 Kb6 18. Kb1 Kc5 19. c3 a5 20. Rf3 h5 21. h4 Bf8 22. Rf2 Be7 23. g3 Kb6 24. Rd3 Rb7 25. Bf3 Kc7 26. Rfd2 Rbb8 27. Bd1 Rh7 28. a4 Na7 29. axb5 Rxb5 30. Ba4 Rb6 31. c4 Rb4 32. b3 Rh8 33. c5 Nb5 34. Nc2 Rxe4 35. Bxb5 Rb8 36. cxd6+ Bxd6 37. Rxd6 Rxb5 38. Rd7+ Kb6 39. R2d6+ Kc5 40. Rd3 e5 41. R7d5+ 1-0

[Event "Faaborg 100 aar GM 2025"]
[Site "Faaborg"]
[Date "2025.10.14"]
[Round "2.4"]
[White "Hacker, Jonas"]
[Black "Jalving, August"]
[Result "1-0"]
[WhiteElo "2342"]
[BlackElo "2298"]
[WhiteFideId "1270968"]
[BlackFideId "1471759"]
[EventDate "2025.10.13"]
[EventType "tourn"]
[EventRounds "9"]
[EventCountry "DEN"]
[SourceTitle "Live v. Faaborg Skakklub"]

1. Nf3 Nf6 2. c4 e6 3. g3 d5 4. Bg2 Be7 5. O-O O-O 6. d4 c6 7. Nc3 Nbd7 8. Nd2 c5 9. cxd5 cxd4 10. dxe6 dxc3 11. exd7 cxb2 12. Bxb2 Bxd7 13. Nc4 Bc6 14. Qxd8 Rfxd8 15. Bxc6 bxc6 16. Bxf6 Bxf6 17. Rac1 Rac8 18. Rc2 Rd7 19. Rfc1 c5 20. e3 g6 21. Kf1 Kf8 22. Ke2 h5 23. h4 Ke7 24. Rb1 Ke6 25. Rb3 Rcc7 26. Ra3 Rc6 27. Ra4 Ke7 28. Na5 Rc8 29. Nc4 Rc6 30. Na5 Rc8 31. Nb3 Rdc7 32. Nd2 Kf8 33. Nc4 Rb8 34. Ra6 Be7 35. Ra5 Rb4 36. Nd2 Rcb7 37. Nc4 Rc7 38. Ra6 Ke8 39. Kd3 Rd7+ 40. Ke2 Rc7 41. Rc3 Kf8 42. Rc1 Ke8 43. Rc2 Bf8 44. Ra3 Kd7 45. Rd3+ Kc6 46. Rd8 Be7 47. Ne5+ Kb7 48. Re8 Bf6 49. Nd3 Rb5 50. a4 Ra5 51. Rc4 Kc6 52. Rf4 Bg7 53. Rd8 Ra6 54. Rc4 Ra5 55. Nb4+ Kb7 56. Nd5 Rc8 57. Rxc8 Kxc8 58. Rf4 c4 59. Rxc4+ Kd7 60. e4 Be5 61. f4 Bd6 62. Nc3 Ra6 63. Nb5 Bb8 64. Kd3 Rb6 65. Rd4+ Ke7 66. Rd5 Ra6 67. Nc3 Bd6 68. Rb5 Ke6 69. e5 Bc7 70. Rb7 Ba5 71. Ne4 Bb6 72. Ng5+ Kf5 73. Rxf7+ Kg4 74. e6 Rxa4 75. e7 Ra3+ 76. Kc4 Re3 77. Kd5 Bd8 78. exd8=Q Rd3+ 79. Ke4 Rxd8 80. Nf3 a5 81. Rf6 Ra8 82. Rxg6+ Kh3 83. Rc6 a4 84. Rc2 a3 85. Ra2 Kxg3 86. f5 Kg4 87. f6 Ra6 88. Ne5+ Kxh4 89. f7 1-0

[Event "Faaborg 100 aar GM 2025"]
[Site "Faaborg"]
[Date "2025.10.14"]
[Round "2.5"]
[White "Pajeken, Jakob Leon"]
[Black "Gloeckler, Christian"]
[Result "1/2-1/2"]
[WhiteElo "2454"]
[BlackElo "2451"]
[WhiteFideId "12942839"]
[BlackFideId "34608966"]
[EventDate "2025.10.13"]
[EventType "tourn"]
[EventRounds "9"]
[EventCountry "DEN"]
[SourceTitle "Live v. Faaborg Skakklub"]

1. e4 c5 2. Nc3 d6 3. Nge2 Nf6 4. g3 Nc6 5. Bg2 g6 6. d4 cxd4 7. Nxd4 Nxd4 8. Qxd4 Bg7 9. O-O O-O 10. a4 Be6 11. Qd1 Rc8 12. Nd5 Qd7 13. Re1 Ng4 14. c3 Ne5 15. Qe2 b6 16. Be3 Rfe8 17. Bd4 h5 18. b3 h4 19. gxh4 Nc6 20. Bxg7 Kxg7 21. h5 Bg4 22. Qe3 Bxh5 23. Nf4 Rh8 24. Qg3 Bg4 25. h3 e5 26. hxg4 exf4 27. Qxf4 Ne5 28. Rad1 Qe7 29. g5 Rxc3 30. Re3 Rc2 31. Rg3 a5 32. Qf6+ Qxf6 33. gxf6+ Kxf6 34. Rxd6+ Ke7 35. Rxb6 g5 36. Rb5 f6 37. Rxa5 Rc1+ 38. Bf1 Rh4 39. f3 Rf4 40. Rxe5+ fxe5 41. a5 g4 42. a6 Rb1 43. a7 Ra1 44. Rxg4 Rxf3 45. Kg2 Rxb3 46. Rg5 Ra2+ 47. Kg1 Kd6 48. Rg6+ Kc7 49. Rg5 Kb7 50. Rxe5 Rg3+ 51. Kh1 Kxa7 52. Rf5 Kb6 53. e5 Kc5 54. e6+ Kd6 55. Bc4 Rc2 56. Rd5+ Ke7 57. Rd7+ Kf6 58. Rf7+ Kg6 59. Rc7 Kh6 60. e7 Re3 61. Rc6+ Kg7 62. Re6 Rxe6 63. Bxe6 Rc8 1/2-1/2

[Event "Faaborg 100 aar GM 2025"]
[Site "Faaborg"]
[Date "2025.10.14"]
[Round "3.1"]
[White "Liu, Casper Yukun"]
[Black "Hector, Jonny"]
[Result "1/2-1/2"]
[WhiteElo "2361"]
[BlackElo "2431"]
[WhiteFideId "1454153"]
[BlackFideId "1700090"]
[EventDate "2025.10.13"]
[EventType "tourn"]
[EventRounds "9"]
[EventCountry "DEN"]
[SourceTitle "Live v. Faaborg Skakklub"]

1. e4 e5 2. Nf3 Nc6 3. Bb5 Bb4 4. c3 Ba5 5. Na3 Bb6 6. Nc4 d6 7. a4 Be6 8. Nxb6 axb6 9. d4 exd4 10. Qxd4 Qf6 11. Bg5 Qg6 12. O-O Bg4 13. Qd5 Bxf3 14. Bxc6+ Kf8 15. Bxb7 Ra5 16. Qd3 Bxg2 17. Kxg2 Qxg5+ 18. Kh1 Qf4 19. b4 Ra7 20. Bd5 Nf6 21. Bc6 Ke7 22. Qg3 Qxg3 23. hxg3 Nd7 24. f4 Nb8 25. Bd5 c6 26. Bb3 Rc8 27. Rfe1 c5 28. e5 dxe5 29. Rxe5+ Kf8 30. Rae1 Nc6 31. R5e4 Rd7 32. Bc4 g6 33. Bb5 Rd2 34. R1e2 Rd1+ 35. Kg2 Rb1 36. Rc4 Ne7 37. bxc5 bxc5 38. Re5 h5 39. Rexc5 Rd8 40. Rd4 Rxd4 41. cxd4 Nf5 42. d5 Rb2+ 43. Kg1 Rb3 44. Kh2 Rb2+ 45. Kg1 Rb3 46. Kh2 Rb2+ 1/2-1/2

[Event "Faaborg 100 aar GM 2025"]
[Site "Faaborg"]
[Date "2025.10.14"]
[Round "3.2"]
[White "Rasmussen, Allan Stig"]
[Black "Pajeken, Jakob Leon"]
[Result "1/2-1/2"]
[WhiteElo "2501"]
[BlackElo "2454"]
[WhiteFideId "1406000"]
[BlackFideId "12942839"]
[EventDate "2025.10.13"]
[EventType "tourn"]
[EventRounds "9"]
[EventCountry "DEN"]
[SourceTitle "Live v. Faaborg Skakklub"]

1. d4 Nf6 2. c4 e6 3. Nc3 Bb4 4. e3 O-O 5. Bd3 d5 6. Nf3 dxc4 7. Bxc4 c5 8. O-O cxd4 9. exd4 b6 10. Qe2 Bb7 11. Rd1 h6 12. Ne5 Nbd7 13. Bf4 Bxc3 14. bxc3 Rc8 15. Rac1 Nd5 16. Bxd5 exd5 17. Qf3 Nxe5 18. dxe5 Qe7 19. Qg3 Rc6 20. Qd3 Rfc8 21. Be3 Qxe5 22. Bd4 Qe4 23. Qf1 Rg6 24. f3 Qf5 25. Re1 Qd7 26. Re5 Re8 27. Rce1 Rxe5 28. Rxe5 Qa4 29. Qb1 Qd7 1/2-1/2

[Event "Faaborg 100 aar GM 2025"]
[Site "Faaborg"]
[Date "2025.10.14"]
[Round "3.3"]
[White "Hagner, Bennet"]
[Black "Chatalbashev, Boris"]
[Result "1/2-1/2"]
[WhiteElo "2445"]
[BlackElo "2506"]
[WhiteFideId "16224477"]
[BlackFideId "2900440"]
[EventDate "2025.10.13"]
[EventType "tourn"]
[EventRounds "9"]
[EventCountry "DEN"]
[SourceTitle "Live v. Faaborg Skakklub"]

1. e4 c5 2. Nf3 Nc6 3. d4 cxd4 4. Nxd4 g6 5. c4 Nf6 6. Nc3 d6 7. Be2 Nxd4 8. Qxd4 Bg7 9. Be3 O-O 10. Qd3 a5 11. O-O a4 12. Bd4 Qa5 13. Rab1 Be6 14. b4 axb3 15. axb3 Nd7 16. b4 Qd8 17. Bxg7 Kxg7 18. f4 Qb6+ 19. Kh1 f5 20. Nd5 Bxd5 21. cxd5 fxe4 22. Qxe4 Nf6 23. Qd3 Ra2 24. Bf3 Rc8 25. Rfe1 Kf8 26. Re3 Rac2 27. b5 Rc1+ 28. Re1 Rxe1+ 29. Rxe1 Qf2 30. Rd1 Qc2 31. Qe3 Rc3 32. Qd4 Rc4 33. Qb6 Ne4 34. Kg1 Rc8 35. Qd4 Nf6 36. Kh1 Qc5 37. g4 Qxd4 38. Rxd4 Rc5 39. g5 Nd7 40. Bg4 Nb6 41. Be6 Rxb5 42. Kg2 Ra5 43. f5 gxf5 44. Rf4 Kg7 45. Rxf5 h6 1/2-1/2

[Event "Faaborg 100 aar GM 2025"]
[Site "Faaborg"]
[Date "2025.10.14"]
[Round "3.4"]
[White "Jalving, August"]
[Black "Thavandiran, Shiyam"]
[Result "1-0"]
[WhiteElo "2298"]
[BlackElo "2402"]
[WhiteFideId "1471759"]
[BlackFideId "2605058"]
[EventDate "2025.10.13"]
[EventType "tourn"]
[EventRounds "9"]
[EventCountry "DEN"]
[SourceTitle "Live v. Faaborg Skakklub"]

1. e4 c5 2. Nf3 e6 3. d4 cxd4 4. Nxd4 a6 5. Bd3 Qc7 6. Be3 Nf6 7. c4 d6 8. Nc3 Nbd7 9. Rc1 b6 10. O-O Bb7 11. f3 Be7 12. b3 O-O 13. Qd2 Rac8 14. Rfd1 Qb8 15. Bb1 Bd8 16. Kh1 Bc7 17. g4 Ne5 18. Qf2 Rfe8 19. g5 Nfd7 20. Kg1 Re7 21. h3 Ng6 22. f4 d5 23. f5 Bg3 24. Qf1 Bh2+ 25. Kh1 Bf4 26. Qf2 Bxe3 27. Qxe3 Qf4 28. Qxf4 Nxf4 29. cxd5 exd5 30. Nxd5 Nxd5 31. Rxc8+ Bxc8 32. exd5 Bb7 33. Nc6 Re2 34. Kg1 f6 35. g6 hxg6 36. fxg6 Nc5 37. Bf5 a5 38. Nd8 Kf8 39. Ne6+ Nxe6 40. dxe6 Rg2+ 41. Kf1 Bc6 42. Rd8+ Ke7 43. Rg8 Rg5 44. Rxg7+ Kd6 45. Bd3 Bg2+ 46. Kf2 Bxh3 47. e7 Bd7 48. Rf7 Be8 49. Rxf6+ Kxe7 50. Rxb6 Kf8 51. a4 Kg7 52. Ke3 Rg3+ 53. Kd4 Kh6 54. Re6 Bd7 55. Re7 Bg4 56. Rh7+ Kg5 57. Ra7 Be6 58. Rxa5+ Kh6 59. Bc4 Rg4+ 60. Kc3 Bxc4 61. bxc4 Kxg6 62. Rb5 Kf6 63. a5 Ke6 64. a6 Rg8 65. a7 Ra8 66. Ra5 Kd6 67. Kb4 Kc6 68. c5 Kc7 69. Kb5 Kb7 70. c6+ Kc7 71. Kc5 Rh8 72. Ra6 Rg8 73. Kb5 Ra8 74. Ka5 1-0

[Event "Faaborg 100 aar GM 2025"]
[Site "Faaborg"]
[Date "2025.10.14"]
[Round "3.5"]
[White "Gloeckler, Christian"]
[Black "Hacker, Jonas"]
[Result "0-1"]
[WhiteElo "2451"]
[BlackElo "2342"]
[WhiteFideId "34608966"]
[BlackFideId "1270968"]
[EventDate "2025.10.13"]
[EventType "tourn"]
[EventRounds "9"]
[EventCountry "DEN"]
[SourceTitle "Live v. Faaborg Skakklub"]

1. a3 e5 2. e4 Nf6 3. Nc3 Nc6 4. Nf3 d5 5. exd5 Nxd5 6. Bb5 Nxc3 7. bxc3 Bd6 8. d4 exd4 9. O-O O-O 10. cxd4 Bg4 11. c3 Qf6 12. Be2 h6 13. h3 Bh5 14. Rb1 b6 15. Rb5 Bg6 16. c4 Rad8 17. Be3 Bc5 18. Rxc5 bxc5 19. d5 Qe7 20. Qa4 Nd4 21. Bxd4 cxd4 22. Re1 Qc5 23. Rd1 d3 24. Bxd3 Bxd3 25. Rxd3 c6 26. Ne5 cxd5 27. Nc6 Qxc4 28. Ne7+ Kh8 29. Qd1 Rfe8 30. Rd4 Qc3 31. Rd3 Qxd3 32. Qxd3 Rxe7 33. Kf1 d4 34. a4 Re5 35. g4 Ra5 36. h4 Rxa4 37. g5 hxg5 38. hxg5 g6 39. Qe4 Kg8 40. Qe7 Rf8 41. Qd7 Ra5 42. f4 Rf5 43. Qxd4 a5 44. Ke2 Rb8 45. Ke3 Rb3+ 46. Kd2 Rb4 47. Qd6 Rbxf4 48. Ke3 Rb4 49. Kd3 Rbb5 50. Qc6 Rbd5+ 51. Ke4 Rde5+ 52. Kd3 Rxg5 53. Qb7 Rgf5 54. Qc6 Kg7 55. Qa8 Re6 56. Qa7 Ref6 57. Ke3 Rf3+ 58. Ke2 Rf2+ 59. Ke1 Ra2 60. Qd4 a4 61. Qc4 Ra1+ 62. Ke2 a3 63. Qc3 Rf1 0-1

[Event "Faaborg 100 aar GM 2025"]
[Site "Faaborg"]
[Date "2025.10.15"]
[Round "4.1"]
[White "Hector, Jonny"]
[Black "Hagner, Bennet"]
[Result "0-1"]
[WhiteElo "2431"]
[BlackElo "2445"]
[WhiteFideId "1700090"]
[BlackFideId "16224477"]
[EventDate "2025.10.13"]
[EventType "tourn"]
[EventRounds "9"]
[EventCountry "DEN"]
[SourceTitle "Live v. Faaborg Skakklub"]

1. e4 c5 2. Nf3 d6 3. d4 cxd4 4. Nxd4 Nf6 5. Nc3 a6 6. Bg5 e6 7. f4 Nbd7 8. Qe2 Qc7 9. O-O-O b5 10. a3 Rb8 11. h4 Be7 12. Rh3 b4 13. axb4 Rxb4 14. Na2 Ra4 15. Kb1 Bb7 16. Rc3 Qa5 17. Nb3 Qb6 18. e5 Nd5 19. Bxe7 Kxe7 20. Rg3 Rxf4 21. exd6+ Qxd6 22. Rxg7 Qe5 23. Qxe5 Nxe5 24. Rg3 Ng4 25. Be2 Nge3 26. Rc1 Nf5 27. Rh3 Rf2 28. Bf3 Ba8 29. Rhh1 Nde3 30. Nb4 Nxg2 31. Bxa8 Rxa8 32. Nc5 a5 33. Nc6+ Ke8 34. Ne4 Re2 35. Nf6+ Kf8 36. Nxh7+ Kg7 37. Ng5 f6 38. Nf3 e5 39. Rcd1 Kh6 40. Nd8 Rc8 41. Nf7+ Kh5 42. Rd7 Rcxc2 43. Rb7 e4 44. Ng1 Red2 45. Rb5 Kg6 46. h5+ Kxf7 47. h6 Nxh6 48. Rxh6 Ne3 49. Rb7+ Ke6 50. Rh4 f5 51. Nh3 Nc4 52. Ng5+ Kf6 53. Nxe4+ fxe4 54. Rxe4 Rxb2+ 55. Rxb2 Rxb2+ 56. Ka1 Rb4 57. Ka2 Ne5 58. Re1 Ke6 59. Rh1 Kd5 60. Rh5 Kd4 61. Rh4+ Kc5 62. Rh8 Rb5 63. Rh3 Nc4 64. Rh5+ Kb4 65. Rh4 Rd5 66. Rg4 a4 67. Rh4 Rd2+ 68. Kb1 a3 69. Ka1 Re2 70. Rh8 Ka4 71. Rg8 Rc2 72. Kb1 Rb2+ 73. Ka1 Na5 74. Ra8 Rh2 75. Kb1 Rh7 76. Ka2 Rg7 77. Ra6 Rg2+ 0-1

[Event "Faaborg 100 aar GM 2025"]
[Site "Faaborg"]
[Date "2025.10.15"]
[Round "4.2"]
[White "Rasmussen, Allan Stig"]
[Black "Liu, Casper Yukun"]
[Result "1-0"]
[WhiteElo "2501"]
[BlackElo "2361"]
[WhiteFideId "1406000"]
[BlackFideId "1454153"]
[EventDate "2025.10.13"]
[EventType "tourn"]
[EventRounds "9"]
[EventCountry "DEN"]
[SourceTitle "Live v. Faaborg Skakklub"]

1. c4 Nf6 2. Nc3 e5 3. e3 Bb4 4. Qb3 Nc6 5. Nge2 O-O 6. a3 Bc5 7. Ng3 a5 8. d3 Ne7 9. Be2 d5 10. cxd5 Nexd5 11. Bd2 Be6 12. Qc2 Be7 13. O-O c6 14. Rfd1 Nd7 15. Rab1 Qb6 16. Na4 Qa7 17. e4 Rfc8 18. exd5 cxd5 19. Qb3 b5 20. Nc3 Nc5 21. Qa2 Qd7 22. b3 a4 23. b4 Nb3 24. d4 Nxd4 25. Bf1 f5 26. Be1 f4 27. Nge2 Nb3 28. Nxd5 Nd4 29. Nxe7+ Qxe7 30. Qa1 Bg4 31. Nxd4 Bxd1 32. Rxd1 exd4 33. Bxb5 f3 34. g3 Qe5 35. Bd3 h5 36. h4 Rd8 37. Bd2 Rac8 38. Qa2+ Kh8 39. Qf7 1-0

[Event "Faaborg 100 aar GM 2025"]
[Site "Faaborg"]
[Date "2025.10.15"]
[Round "4.3"]
[White "Chatalbashev, Boris"]
[Black "Jalving, August"]
[Result "1-0"]
[WhiteElo "2506"]
[BlackElo "2298"]
[WhiteFideId "2900440"]
[BlackFideId "1471759"]
[EventDate "2025.10.13"]
[EventType "tourn"]
[EventRounds "9"]
[EventCountry "DEN"]
[SourceTitle "Live v. Faaborg Skakklub"]

1. Nf3 Nf6 2. g3 d5 3. Bg2 e6 4. O-O Be7 5. d3 Nc6 6. d4 O-O 7. b3 a5 8. a3 Nb8 9. c4 a4 10. b4 Nbd7 11. c5 c6 12. Nc3 b5 13. e4 Nxe4 14. Nxe4 dxe4 15. Ne5 Nxe5 16. dxe5 Qd5 17. Bb2 f5 18. exf6 Bxf6 19. Bxf6 Rxf6 20. Qe2 Qg5 21. h4 Qg6 22. Bxe4 Qe8 23. f4 Ra7 24. Rad1 Rc7 25. Rd6 Bd7 26. Rfd1 Rf7 27. Qh5 g6 28. Qe5 Rg7 29. R6d3 Rc8 30. Kh2 Re7 31. g4 Rg7 32. g5 Re7 33. h5 gxh5 34. g6 h6 35. Qxh5 Qf8 36. Qe5 Qe8 37. Rh3 Qf8 38. Rxd7 Rxd7 39. Qxe6+ Kh8 40. g7+ 1-0